Supplies and Management: A Textbook for Purchasing and Supply. (Record no. 2567)

MARC details
005 - DATE AND TIME OF LATEST TRANSACTION
control field 20250523124846.0
020 ## - INTERNATIONAL STANDARD BOOK NUMBER
International Standard Book Number 0 7121 1964 7
082 ## - DEWEY DECIMAL CLASSIFICATION NUMBER
Classification number 658.72 COM
100 ## - MAIN ENTRY--PERSONAL NAME
Author name COMPTON, H. K.
245 ## - TITLE STATEMENT
Title Supplies and Management: A Textbook for Purchasing and Supply.
250 ## - EDITION STATEMENT
Edition statement 2nd Ed.
260 ## - PUBLICATION, DISTRIBUTION, ETC.
Place of publication, distribution, etc. London,
Name of publisher, distributor, etc. MacDonald and Evans,
Date of publication, distribution, etc. 1979.
300 ## - PHYSICAL DESCRIPTION
Extent xxiii, 488p.: ill.; figure, table
Other physical details Index
Dimensions 22cm
942 ## - ADDED ENTRY ELEMENTS (KOHA)
Source of classification or shelving scheme Dewey Decimal Classification
Koha item type Books
Holdings
Date last seen Total checkouts Full call number Barcode Cost, replacement price Price effective from Koha item type Lost status Source of classification or shelving scheme Damaged status Not for loan Withdrawn status Home library Current library Shelving location Date acquired Cost, normal purchase price
05/23/2025   658.72 COM 0000009679 30000.00 05/23/2025 Books   Dewey Decimal Classification       College of Business Education Main Library College of Business Education Main Library General Collection 10/16/1982 10000.00